000 00419nam a22001697a 4500
003 0
005 20220114142427.0
008 0
040 _c0
050 _aBF121
_b.B9313 1996
100 _aBuggie, Stephen
245 _aUnderstanding psychology
_cStephen Buggie
250 _aFourth edition
260 _aUSA:
_bMcGraw-Hill Company, Incorporated
300 _a620 pages:
_bwith Illustrations;
_c28 cm.
942 _2lcc
_cFR
999 _c3228
_d3228